Central Library OPAC University of Rajshahi

Punctuation : (Record no. 51095)

MARC details
000 -LEADER
fixed length control field 00705nam a2200229 a 4500
001 - CONTROL NUMBER
control field 51095
003 - CONTROL NUMBER IDENTIFIER
rucl marc code BD-RjUL
005 - DATE AND TIME OF LATEST TRANSACTION
control field 20211209075617.0
008 - FIXED-LENGTH DATA ELEMENTS--GENERAL INFORMATION
fixed length control field 160829r19511950nyu 000 0 eng
035 ## - SYSTEM CONTROL NUMBER
System control number (BD-RjUL) 51215
040 ## - CATALOGING SOURCE
Original cataloging agency DLC
Transcribing agency AzU
Modifying agency AzU
-- DLC
-- BD-RjUL
Language of cataloging eng
041 ## - LANGUAGE CODE
Language code of text/sound track or separate title eng
082 ## - DEWEY DECIMAL CLASSIFICATION NUMBER
Classification number 421.9
Edition number 23
Author mark and year BRP 1956
100 10 - MAIN ENTRY--PERSONAL NAME
Personal name Brittain, Robert
9 (RLIN) 150828
245 10 - TITLE STATEMENT
Title Punctuation :
Remainder of title a practical method based on meaning /
Statement of responsibility, etc. Robert Brittain
260 ## - PUBLICATION, DISTRIBUTION, ETC. (IMPRINT)
Place of publication, distribution, etc. New York :
Name of publisher, distributor, etc. Barnes & Noble,
Date of publication, distribution, etc. c1950 [Reprinted 1951]
300 ## - PHYSICAL DESCRIPTION
Pagination 89 p. ;
Size 21 cm.
490 0# - SERIES STATEMENT
Series statement College outline series
650 #0 - SUBJECT ADDED ENTRY--TOPICAL TERM
Topical term or geographic name as entry element English language
General subdivision Punctuation.
9 (RLIN) 133957
830 ## - SERIES ADDED ENTRY--UNIFORM TITLE
Uniform title College outline series
942 ## - ADDED ENTRY ELEMENTS (KOHA)
Source of classification or shelving scheme Dewey Decimal Classification
Koha item type Books
Holdings
Lost status Source of classification or shelving scheme Damaged status Not for loan Collection code Permanent Location Current Location Shelving location Date acquired Source of acquisition Total Checkouts Full call number Date last seen Copy number Koha item type
  Dewey Decimal Classification     Non-fiction Central Library, University of Rajshahi Central Library, University of Rajshahi   06/11/1958 Asia foundation   421.9 BRP 1956 29/08/2016 C-2 Books